| 000 | 00758cam a22002894a 4500 | ||
|---|---|---|---|
| 001 | UByD003348 | ||
| 003 | AR-LpoUNG | ||
| 005 | 20241119114010.0 | ||
| 007 | ta | ||
| 008 | 131220s2010 ag gr 001 dspa d | ||
| 015 | _aAR-2010 | ||
| 020 | _a9789501256109 | ||
| 040 |
_aAR-BaBN _bspa _cAR-BaBN _eaacr _dAR-LpoUNG |
||
| 041 | 0 | _aspa | |
| 044 |
_aag _car-c |
||
| 080 | 0 |
_a001(091) _22000 |
|
| 082 | 0 | _a507 236ins | |
| 100 | 1 | _aCapanna, Pablo | |
| 245 | 1 | 0 |
_aInspiraciones : _bhistorias secretas de la ciencia |
| 250 | _a1ra. ed. | ||
| 260 |
_aBuenos Aires : _aBarcelona : _aMéxico : _bPaidós, _c2010. |
||
| 300 | _a235 p. | ||
| 650 | 4 | _aCIENCIA | |
| 650 | 4 | _aFILOSOFIA DE LA CIENCIA | |
| 650 | 4 | _aHISTORIA DE LAS CIENCIAS | |
| 942 |
_2ddc _cLIB |
||
| 999 |
_c65228 _d65228 |
||